| 000 | 00835nam a2200229Ia 4500 | ||
|---|---|---|---|
| 001 | 9158 | ||
| 003 | GE_BSU | ||
| 008 | 181216s||||||||xx |||||||||||||| ||und|| | ||
| 040 | _cGE_BSU | ||
| 080 | _a821.353.1-31+821.353.1-32 | ||
| 100 | _aლისაშვილი,იაკინთე | ||
| 245 | _aთხზულებანი:ოთხ ტომად ტ.2 | ||
| 245 | _bტ.2:თხზულებანი;რომანები;და მოთხრობები | ||
| 245 | _cრედ:ლავროსი კალანდაძე;მხატვ:დავით დუნდუა | ||
| 260 | _aთბილისი. | ||
| 260 | _bმერანი | ||
| 260 | _c1973 | ||
| 300 | _a577გვ;22სმ. | ||
| 653 | _aმოთხრობები | ||
| 653 | _aრომანები | ||
| 942 | _cBK | ||
| 999 |
_c42462 _d42462 |
||